000
00342nam a2200145Ia 4500
008
191201s2009 xx 000 0 und d
082
_a
658.15
_b
AVI
100
_a
AVADHANI,VA
245
0
_a
International Finance
250
_a
Rep
260
_a
N.Delhi
_b
Himalaya Publication House
_c
2009
300
_a
501
650
_a
MBA
942
_2
ddc
_c
BK
999
_c
4322
_d
4322